000
00280nam a22001217a 4500
008
170926b xxu||||| |||| 00| 0 eng d
041
_a
eng
080
_2
4 ED
_a
37
100
_a
46
101
_a
EDU
245
_a
A HANDBOOK FOR COLLEGE WRITING
_c
GUTH.A
942
_2
udc
_c
BK
999
_c
29787
_d
29787